000 00380 a2200121 4500
082 _a709.972.81
_bP283p
100 _aCazali, Rosina
_91164
245 _aPasos a desnivel
_bmapa urbano de la cultura contemporanea en Guatemala
260 _aGuatemala
_bHivos
_c2003
300 _a129 p
_bcol
_c20.5 cm
650 _aarte guatemalteco
_xcultura
_zGuatemala
_91165
700 _aRosina Cazali
_91166
999 _c251
_d251